[Event "Madrid-chT Honor 2223"]
[Site "Madrid"]
[Date "2023.01.29"]
[Round "7.2"]
[White "Alonso Garcia, Aaron"]
[Black "Rottenwohrer Suarez, Juan"]
[Result "1-0"]
[WhiteElo "2424"]
[BlackElo "2317"]
[PlyCount "137"]
[EventDate "2022.11.20"]
[EventType "team-tourn"]
[EventRounds "14"]
[EventCountry "ESP"]
[SourceTitle "EXT 2024"]
[Source "ChessBase"]
[SourceDate "2023.10.10"]
[SourceVersion "1"]
[SourceVersionDate "2023.10.10"]
[SourceQuality "1"]
[WhiteTeam "Collado Villalba"]
[BlackTeam "San Sebastian de los Reyes"]
[WhiteTeamCountry "ESP"]
[BlackTeamCountry "ESP"]

1. e4 e5 2. Bc4 Nf6 3. d3 Nc6 4. Nf3 Bc5 5. c3 d6 6. a4 a6 7. Nbd2 0-0 8. h3 Be6 9. 0-0 Qd7 10. Re1 Ba7 11. Nf1 h6 12. a5 Rfe8 13. Bxe6 fxe6 14. Be3 Qf7 15. Bxa7 Rxa7 16. d4 exd4 17. cxd4 d5 18. e5 Nh5 19. Ra3 Rf8 20. Qd2 Raa8 21. Rb3 Rab8 22. Rc1 Qf4 23. Re3 Qf7 24. N1h2 Na7 25. Ne1 Nb5 26. Nhf3 Nf4 27. Kh2 Qh5 28. Ng1 Qf5 29. g3 Ng6 30. f4 h5 31. Ng2 Ne7 32. Nf3 Qg6 33. Ngh4 Qh6 34. Qd3 Nf5 35. Nxf5 Rxf5 36. Rf1 Rbf8 37. Nh4 R5f7 38. Ref3 g5 39. fxg5 Qxg5 40. Rxf7 Rxf7 41. Rxf7 Kxf7 42. Qh7+ Ke8 43. Nf3 Qe3 44. Qxh5+ Ke7 45. h4 Nxd4 46. Qh7+ Ke8 47. Qg6+ Ke7 48. Qf6+ Kd7 49. Qf7+ Kc6 50. Nxd4+ Qxd4 51. Qxe6+ Kc5 52. Qe7+ Kc6 53. Qf6+ Kb5 54. Qf1+ Kc6 55. Qe2 Kd7 56. h5 Qb4 57. h6 Qf8 58. Qg4+ Ke7 59. Qf4 Qh8 60. g4 d4 61. g5 d3 62. g6 d2 63. g7 Qe8 64. Qg5+ Kd7 65. Qxd2+ Ke6 66. Qg5 Qg8 67. Qg6+ Kxe5 68. h7 Qb3 69. Qg3+ 1-0

[Event "Madrid-chT Honor 2223"]
[Site "Madrid"]
[Date "2023.01.15"]
[Round "5.3"]
[White "Yanez Rodriguez, Wilbert"]
[Black "Alonso Garcia, Aaron"]
[Result "0-1"]
[WhiteElo "2131"]
[BlackElo "2424"]
[PlyCount "164"]
[EventDate "2022.11.20"]
[EventType "team-tourn"]
[EventRounds "14"]
[EventCountry "ESP"]
[SourceTitle "EXT 2024"]
[Source "ChessBase"]
[SourceDate "2023.10.10"]
[SourceVersion "1"]
[SourceVersionDate "2023.10.10"]
[SourceQuality "1"]
[WhiteTeam "Alcala de Henares"]
[BlackTeam "Collado Villalba"]
[WhiteTeamCountry "ESP"]
[BlackTeamCountry "ESP"]

1. c4 e5 2. g3 c6 3. Nf3 e4 4. Nd4 d5 5. cxd5 Qxd5 6. Nc2 Nf6 7. Nc3 Qa5 8. Bg2 Na6 9. 0-0 Be7 10. d4 exd3 11. Qxd3 0-0 12. e4 Qh5 13. f3 Nc5 14. Qe2 b6 15. Rd1 Ba6 16. Qe3 Rfd8 17. Nd4 Nd3 18. Nb3 c5 19. Nd5 Nxd5 20. exd5 Re8 21. Rxd3 c4 22. Rd1 cxb3 23. Qxb3 Bc5+ 24. Kh1 Be2 25. Bf4 Bxd1 26. Rxd1 Rad8 27. Bf1 Bd6 28. g4 Qh4 29. Bxd6 Rxd6 30. Bb5 Qf2 31. Rf1 Re1 32. Rxe1 Qxe1+ 33. Kg2 Qd2+ 34. Kg3 Rh6 35. h3 Qe1+ 36. Kg2 Qh4 37. f4 Qe1 38. Qc2 Qe7 39. Qc8+ Qf8 40. Qc7 Rf6 41. g5 Rd6 42. Bc4 h6 43. h4 Qd8 44. Qxa7 Qc8 45. Kg3 hxg5 46. hxg5 Qc5 47. Qb8+ Kh7 48. Bd3+ g6 49. Be4 Qe3+ 50. Kg4 Qe2+ 51. Bf3 Qe7 52. Kg3 f6 53. gxf6 Qxf6 54. Qe8 Kg7 55. Qe5 Rd7 56. Be4 Re7 57. Qxf6+ Kxf6 58. Kf3 Rh7 59. Kg3 Rh8 60. Bg2 Rc8 61. Be4 Rc1 62. Kf3 Ra1 63. d6 Rd1 64. b3 Rxd6 65. Ke3 Rd8 66. a4 Rh8 67. Bd5 Rh4 68. Bc4 Rh7 69. Ke4 Rd7 70. Bd5 Re7+ 71. Kf3 Kf5 72. Bc4 Rd7 73. Ke3 Rd6 74. Be2 Rc6 75. Bc4 Kg4 76. Ke4 Rf6 77. Be2+ Kg3 78. Kd5 Rxf4 79. Bc4 g5 80. b4 g4 81. a5 bxa5 82. bxa5 Rf5+ 0-1

[Event "Rilton Cup 50th"]
[Site "Stockholm"]
[Date "2022.12.29"]
[Round "3"]
[White "Shohat, Yotam"]
[Black "Alonso Garcia, Aaron"]
[Result "0-1"]
[WhiteElo "2294"]
[BlackElo "2439"]
[PlyCount "76"]
[EventDate "2022.12.27"]
[EventType "swiss"]
[EventRounds "9"]
[EventCountry "SWE"]
[SourceTitle "CBM 212 Extra"]
[Source "ChessBase"]
[SourceDate "2023.03.31"]
[SourceVersion "1"]
[SourceVersionDate "2023.03.31"]
[SourceQuality "1"]

1. e4 c5 2. Nf3 e6 3. d4 cxd4 4. Nxd4 Nc6 5. Nc3 Qc7 6. g3 a6 7. Bg2 Nf6 8. 0-0 Nxd4 9. Qxd4 Bc5 10. Bf4 d6 11. Qd2 h6 12. Rad1 e5 13. Be3 Ke7 14. Bxc5 Qxc5 15. Na4 Qc6 16. f4 a5 17. Qd3 b5 18. Nc3 b4 19. fxe5 dxe5 20. Nd5+ Nxd5 21. exd5 Qd6 22. Qe3 Bd7 23. Be4 Rac8 24. Qf3 Rhf8 25. g4 h5 26. h3 hxg4 27. hxg4 Rc4 28. Kg2 Kd8 29. Kg3 f5 30. gxf5 Bxf5 31. Bxf5 Rf4 32. Qe2 R8xf5 33. Rxf4 Rxf4 34. Qh5 Qf6 35. Rh1 Rf5 36. Qh8+ Kd7 37. Qh3 Kd6 38. Qh4 Qg6+ 0-1

[Event "Madrid-chT Honor 2223"]
[Site "Madrid"]
[Date "2022.12.18"]
[Round "4.3"]
[White "Alonso Garcia, Aaron"]
[Black "Renteria Becerra, Jorge Elicer"]
[Result "1/2-1/2"]
[WhiteElo "2424"]
[BlackElo "2209"]
[PlyCount "100"]
[EventDate "2022.11.20"]
[EventType "team-tourn"]
[EventRounds "14"]
[EventCountry "ESP"]
[SourceTitle "EXT 2024"]
[Source "ChessBase"]
[SourceDate "2023.10.10"]
[SourceVersion "1"]
[SourceVersionDate "2023.10.10"]
[SourceQuality "1"]
[WhiteTeam "Collado Villalba"]
[BlackTeam "Blanco y Negro"]
[WhiteTeamCountry "ESP"]
[BlackTeamCountry "ESP"]

1. e4 c5 2. Nf3 d6 3. d4 cxd4 4. Nxd4 Nf6 5. Nc3 a6 6. f3 e5 7. Nb3 Be7 8. Be3 Be6 9. Qd2 h5 10. Nd5 Bxd5 11. exd5 Nbd7 12. Na5 Qc7 13. c4 e4 14. Be2 exf3 15. gxf3 Ne5 16. Rc1 0-0 17. 0-0 Rfe8 18. Bd4 Bf8 19. b4 g6 20. Qb2 Nfd7 21. h3 Nf6 22. f4 Ned7 23. Bf3 Nh7 24. Bxh5 Bh6 25. Qg2 Ndf6 26. Bxg6 fxg6 27. Qxg6+ Bg7 28. Rce1 Qd7 29. f5 Nf8 30. Qg5 N8h7 31. Qg6 Nf8 32. Qg2 Qf7 33. Nxb7 Qxb7 34. Bxf6 Qf7 35. Bxg7 Qxg7 36. c5 Nd7 37. cxd6 Nf6 38. Re6 Qxg2+ 39. Kxg2 Nxd5 40. Kf3 Kf7 41. Rfe1 Nxb4 42. Rxe8 Rxe8 43. Rxe8 Kxe8 44. h4 Nxa2 45. h5 Nb4 46. d7+ Kxd7 47. h6 Nc6 48. Ke4 Nd8 49. h7 Nf7 50. Kd5 Ke7 1/2-1/2

[Event "ESP-ch 87th"]
[Site "Linares"]
[Date "2022.08.18"]
[Round "9"]
[White "Alonso Garcia, Aaron"]
[Black "Vega Gutierrez, Sabrina Neide"]
[Result "1/2-1/2"]
[WhiteElo "2369"]
[BlackElo "2366"]
[PlyCount "60"]
[EventDate "2022.08.11"]
[EventType "swiss"]
[EventRounds "9"]
[EventCountry "ESP"]
[SourceTitle "CBM 209 Extra"]
[Source "ChessBase"]
[SourceDate "2022.09.30"]
[SourceVersion "1"]
[SourceVersionDate "2022.09.30"]
[SourceQuality "1"]

1. e4 c5 2. Nf3 Nc6 3. d4 cxd4 4. Nxd4 Nf6 5. Nc3 e5 6. Ndb5 d6 7. Bg5 a6 8. Na3 b5 9. Nd5 Be7 10. Bxf6 Bxf6 11. c3 Bg5 12. Nc2 Ne7 13. Ncb4 0-0 14. a4 bxa4 15. Qxa4 a5 16. Bb5 Nxd5 17. Nxd5 Be6 18. Bc6 Rb8 19. b4 axb4 20. cxb4 Bxd5 21. Bxd5 Qb6 22. Rb1 Be3 23. fxe3 Qxe3+ 24. Kf1 Qd3+ 25. Kf2 Qd2+ 26. Kf1 Qd3+ 27. Kf2 Qd2+ 28. Kf1 Qd3+ 29. Kf2 Qd2+ 30. Kf1 Qd3+ 1/2-1/2

[Event "ESP-ch 87th"]
[Site "Linares"]
[Date "2022.08.16"]
[Round "7"]
[White "Alonso Garcia, Aaron"]
[Black "Moreno Ruiz, Javier"]
[Result "0-1"]
[WhiteElo "2369"]
[BlackElo "2428"]
[PlyCount "104"]
[EventDate "2022.08.11"]
[EventType "swiss"]
[EventRounds "9"]
[EventCountry "ESP"]
[SourceTitle "CBM 209 Extra"]
[Source "ChessBase"]
[SourceDate "2022.09.30"]
[SourceVersion "1"]
[SourceVersionDate "2022.09.30"]
[SourceQuality "1"]

1. e4 c5 2. Nf3 Nc6 3. d4 cxd4 4. Nxd4 g6 5. Nc3 Bg7 6. Be3 Nf6 7. Bc4 0-0 8. Bb3 Re8 9. f3 e6 10. f4 Nd5 11. exd5 exd5 12. Kf2 Rxe3 13. Kxe3 Bxd4+ 14. Kd2 Bxc3+ 15. bxc3 d4 16. Qf3 dxc3+ 17. Qxc3 d5 18. Rae1 Bf5 19. Kc1 a5 20. a4 Rc8 21. Re2 Nb4 22. Qd4 Qc7 23. Kb2 Bxc2 24. Rc1 Nd3+ 25. Qxd3 Bxd3 26. Rxc7 Rxc7 27. Re8+ Kg7 28. Bxd5 Bc4 29. Bf3 Be6 30. Ra8 b6 31. Rb8 Rc4 32. Rxb6 Rxa4 33. Ra6 h5 34. Kc3 h4 35. Kd2 Ra2+ 36. Ke3 a4 37. Ra5 a3 38. Bd5 Bxd5 39. Rxd5 Rxg2 40. Ra5 Rxh2 41. Kf3 f5 42. Ra6 a2 43. Ra5 Rb2 44. Ra7+ Kf6 45. Ra6+ Ke7 46. Ra7+ Kd6 47. Ra6+ Kc7 48. Ra7+ Kb8 49. Ra6 h3 50. Kg3 h2 51. Ra5 h1Q 52. Ra8+ Qxa8 0-1

[Event "ESP-ch 87th"]
[Site "Linares"]
[Date "2022.08.12"]
[Round "2"]
[White "Del Carmen Hernandez, Aimer"]
[Black "Alonso Garcia, Aaron"]
[Result "0-1"]
[WhiteElo "2036"]
[BlackElo "2369"]
[PlyCount "66"]
[EventDate "2022.08.11"]
[EventType "swiss"]
[EventRounds "9"]
[EventCountry "ESP"]
[SourceTitle "CBM 209 Extra"]
[Source "ChessBase"]
[SourceDate "2022.09.30"]
[SourceVersion "1"]
[SourceVersionDate "2022.09.30"]
[SourceQuality "1"]

1. e4 e6 2. d4 d5 3. Nd2 Be7 4. e5 c5 5. c3 cxd4 6. cxd4 Qb6 7. Ndf3 Bb4+ 8. Bd2 Nc6 9. Bc3 Bd7 10. Qd2 f6 11. Ne2 Nge7 12. a3 Bxc3 13. Nxc3 fxe5 14. dxe5 Ng6 15. 0-0-0 0-0 16. Re1 Na5 17. Kb1 Nb3 18. Qc2 Rac8 19. Ka2 Nd4 20. Nxd4 Qxd4 21. f3 Nxe5 22. Qd1 Qf4 23. Bd3 Qf6 24. Bc2 Be8 25. Bb3 Bf7 26. Nb5 Rfd8 27. Qe2 Nc6 28. g4 a6 29. Nc3 Nd4 30. Qd1 e5 31. g5 Qd6 32. Ka1 Nxb3+ 33. Qxb3 d4 0-1

[Event "Zaragoza Helios 1st"]
[Site "Zaragoza"]
[Date "2022.02.11"]
[Round "9"]
[White "Romero Pallares, Daniel"]
[Black "Alonso Garcia, Aaron"]
[Result "1/2-1/2"]
[WhiteElo "2278"]
[BlackElo "2374"]
[PlyCount "214"]
[EventDate "2022.02.06"]
[EventType "tourn"]
[EventRounds "9"]
[EventCountry "ESP"]
[EventCategory "3"]
[SourceTitle "CBM 207 Extra"]
[Source "ChessBase"]
[SourceDate "2022.05.31"]
[SourceVersion "1"]
[SourceVersionDate "2022.05.31"]
[SourceQuality "1"]

1. d4 Nf6 2. Bf4 e6 3. e3 c5 4. Nf3 cxd4 5. exd4 b6 6. h3 Be7 7. a4 a6 8. Nbd2 d6 9. Bd3 Bb7 10. 0-0 Nbd7 11. Re1 Qc7 12. Bg3 0-0 13. a5 b5 14. c4 bxc4 15. Nxc4 Nd5 16. Rc1 Qb8 17. Nfd2 N7f6 18. Nb3 Qd8 19. Nbd2 Rb8 20. Qa4 Nh5 21. Bh2 Bg5 22. Qd1 Nhf4 23. Bf1 Nb4 24. Rc3 Bh6 25. g3 Nfd5 26. Rb3 Nc6 27. Ne4 Nxa5 28. Nxa5 Qxa5 29. Nxd6 Bc6 30. Ra3 Qd8 31. Nc4 Bb5 32. Ne5 Bxf1 33. Rxf1 Rxb2 34. Qa1 Rd2 35. Rxa6 Nb4 36. Ra7 Rxd4 37. Nxf7 Rxf7 38. Ra8 Nc2 39. Rxd8+ Rxd8 40. Qa2 Nd4 41. Kg2 g6 42. g4 Bg7 43. Bg3 h6 44. Re1 Kh7 45. Re4 Rc8 46. Rf4 Rd7 47. Qa4 Rcd8 48. Re4 Rd5 49. Qa6 R8d7 50. Qa8 e5 51. Qe8 Rd8 52. Qf7 R8d7 53. Qe8 Rd8 54. Qf7 R5d7 55. Qc4 Re8 56. Qa4 Rde7 57. Qc4 Ne6 58. h4 Nd4 59. Qa4 Re6 60. Qd7 R8e7 61. Qd5 h5 62. gxh5 gxh5 63. Qd8 Nf5 64. Qd1 Kg6 65. Qd2 Bf6 66. Kh3 Rd6 67. Qe2 Rd5 68. Qa2 Red7 69. Qa6 Rd3 70. Kg2 R3d4 71. Qa8 Rd8 72. Qc6 Rxe4 73. Qxe4 Rd4 74. Qc6 Nxh4+ 75. Bxh4 Rxh4 76. Qe8+ Kg7 77. Qd7+ Kh6 78. Qe6 Rg4+ 79. Kh3 Rf4 80. Qb6 Kg5 81. Kg2 h4 82. Qe3 Kg6 83. f3 Rd4 84. Kh3 Kf5 85. Qh6 Rf4 86. Qh5+ Ke6 87. Qe8+ Kd5 88. Qd7+ Kc4 89. Kg2 Kc3 90. Qd1 Rd4 91. Qc1+ Kb4 92. Qb1+ Kc5 93. Qc1+ Kd5 94. Qh6 Be7 95. Qg6 Bd6 96. Qf7+ Kc6 97. Qe8+ Kc5 98. Qc8+ Kb4 99. Qc2 Bc5 100. Kh3 Bd6 101. Kg2 Kb5 102. Qb3+ Rb4 103. Qd5+ Bc5 104. Qxe5 Kc6 105. Qe6+ Bd6 106. Kh3 Rf4 107. Qe3 Kd5 1/2-1/2